Elements (matching name to symbol) - Statistics

General Stats
  • This quiz has been taken 45 times
  • The average score is 45 of 51
Answer Stats
Hint Answer % Correct
Aluminum Al
97%
Boron B
97%
Bromine Br
97%
Carbon C
97%
Cadmium Cd
97%
Fluorine F
97%
Gallium Ga
97%
Hydrogen H
97%
Helium He
97%
Krypton Kr
97%
Lithium Li
97%
Magnesium Mg
97%
Nitrogen N
97%
Neon Ne
97%
Oxygen O
97%
Silicon Si
97%
Vanadium V
97%
Xenon Xe
97%
Argon Ar
94%
Arsenic As
94%
Beryllium Be
94%
Calcium Ca
94%
Chromium Cr
94%
Phosphorus P
94%
Sulfur S
94%
Scandium Sc
94%
Selenium Se
94%
Strontium Sr
94%
Titanium Ti
94%
Zinc Zn
94%
Gold Au
91%
Chlorine Cl
91%
Cobalt Co
91%
Iodine I
91%
Manganese Mn
91%
Nickel Ni
91%
Uranium U
91%
Iron Fe
88%
Molybdenum Mo
88%
Silver Ag
84%
Radon Rn
84%
Germanium Ge
81%
Copper Cu
78%
Potassium K
75%
Sodium Na
75%
Platinum Pt
72%
Tin Sn
69%
Mercury Hg
63%
Lead Pb
63%
Tungsten W
63%
Antimony Sb
53%
No matching quizzes found
Score Distribution
Percent of People with Each Score
Percentile by Number Answered
Your Score History
You have not taken this quiz